Famous Sevensomes Quiz Stats

 Plays Quiz Updated Sep 26, 2018

Score 0/63 Timer 09:00
1 Play Today
Type Member % Correct
Days of the WeekMonday
93.3%
Days of the WeekTuesday
92.9%
Days of the WeekThursday
92.6%
Days of the WeekFriday
92.6%
Days of the WeekSunday
92.4%
Days of the WeekWednesday
92.3%
Days of the WeekSaturday
92.3%
DwarvesSleepy
89.2%
DwarvesDopey
85.7%
DwarvesGrumpy
85.1%
DwarvesDoc
83%
DwarvesHappy
81.8%
Harry Potter BooksHarry Potter and the Sorcerer's Stone
78.3%
Deadly SinsGreed
77.9%
DwarvesSneezy
75.3%
Deadly SinsLust
74.4%
Harry Potter BooksHarry Potter and the Prisoner of Azkaban
71.9%
Harry Potter BooksHarry Potter and the Goblet of Fire
71.7%
Deadly SinsGluttony
70.3%
Harry Potter BooksHarry Potter and the Chamber of Secrets
70.1%
Harry Potter BooksHarry Potter and the Half-Blood Prince
68.2%
Deadly SinsEnvy
68%
DwarvesBashful
66.8%
Harry Potter BooksHarry Potter and the Deathly Hallows
65.9%
Deadly SinsSloth
65.7%
Harry Potter BooksHarry Potter and the Order of the Phoenix
65%
The Chronicles of Narnia BooksThe Lion, the Witch and the Wardrobe
63.7%
Wonders of the Ancient WorldGreat Pyramid of Giza
61.4%
Seven SummitsEverest
59.4%
Deadly SinsWrath
50.2%
Deadly SinsPride
49.3%
Wonders of the Ancient WorldHanging Gardens of Babylon
48.2%
Type Member % Correct
The Chronicles of Narnia BooksPrince Caspian
45.9%
SI Base UnitsMetre
45.1%
Seven SummitsKilimanjaro
38.1%
SI Base UnitsKilogram
30.5%
Seven SummitsDenali
27.9%
Wonders of the Ancient WorldColossus of Rhodes
25.4%
Wonders of the Ancient WorldLighthouse of Alexandria
25%
The Chronicles of Narnia BooksThe Voyage of the Dawn Treader
22%
The Chronicles of Narnia BooksThe Silver Chair
22%
The Chronicles of Narnia BooksThe Magician's Nephew
21.4%
SI Base UnitsSecond
19%
The Chronicles of Narnia BooksThe Last Battle
17%
The Chronicles of Narnia BooksThe Horse and his Boy
16.2%
Wonders of the Ancient WorldStatue of Zeus at Olympia
16.1%
Wonders of the Ancient WorldTemple of Artemis at Ephesus
15.7%
SI Base UnitsAmpere
12.7%
SI Base UnitsKelvin
12.1%
Wonders of the Ancient WorldMausoleum of Maussollos at Halicarnassus
9.9%
Hills of RomePalatine Hill
7.8%
SI Base UnitsMole
7%
Hills of RomeCapitoline Hill
6.5%
SI Base UnitsCandela
6.1%
Seven SummitsAconcagua
5.8%
Seven SummitsElbrus
5.5%
Hills of RomeAventine Hill
5.3%
Hills of RomeQuirinal Hill
3.7%
Hills of RomeCaelian Hill
3.6%
Hills of RomeEsquiline Hill
3.6%
Hills of RomeViminal Hill
3.6%
Seven SummitsVinson Massif
3.1%
Seven SummitsCarstensz Pyramid
2.6%

You're not logged in!

Compare scores with friends on all Sporcle quizzes.
OR
Log In

Sporcle TV

Today on Sporcle TV


Watch our educational content, quiz creation guides, and fun videos on Sporcle TV.

Show Comments

Extras

Top Quizzes Today


Score Distribution

Your Account Isn't Verified!

In order to create a playlist on Sporcle, you need to verify the email address you used during registration. Go to your Sporcle Settings to finish the process.

Report this User

Report this user for behavior that violates our Community Guidelines.

Details: